Central Library OPAC University of Rajshahi

মিডিয়াকোষ (Record no. 74178)

MARC details
000 -LEADER
fixed length control field 00961nam a2200241 a 4500
001 - CONTROL NUMBER
control field 74178
003 - CONTROL NUMBER IDENTIFIER
rucl marc code BD-RjUL
005 - DATE AND TIME OF LATEST TRANSACTION
control field 20211209082516.0
008 - FIXED-LENGTH DATA ELEMENTS--GENERAL INFORMATION
fixed length control field 180314s2013 bg ||||| e||| 00| 0 ben d
020 ## - INTERNATIONAL STANDARD BOOK NUMBER
International Standard Book Number 9789849014041
035 ## - SYSTEM CONTROL NUMBER
System control number (BD-RjUL)74396
040 ## - CATALOGING SOURCE
Original cataloging agency BD-RjUL
Language of cataloging ben
Transcribing agency BD-RjUL
Modifying agency BD-RjUL
041 ## - LANGUAGE CODE
Language code of text/sound track or separate title ben
-- eng
082 ## - DEWEY DECIMAL CLASSIFICATION NUMBER
Edition number 23
Classification number 302.2303
Author mark and year AHE 2013
100 1# - MAIN ENTRY--PERSONAL NAME
Personal name আহমেদ, মুসতাক
9 (RLIN) 220592
245 1# - TITLE STATEMENT
Title মিডিয়াকোষ
Remainder of title = Encyclopedia of Media /
Statement of responsibility, etc. মসতাক আহমেদ; আমিনুল ইসলাম
260 ## - PUBLICATION, DISTRIBUTION, ETC. (IMPRINT)
Place of publication, distribution, etc. ঢাকা :
Name of publisher, distributor, etc. এ এইচ ডেভেলপমেন্ট পাবলিশিং হাউজ,
Date of publication, distribution, etc. ২০১৩
300 ## - PHYSICAL DESCRIPTION
Pagination [৩২] ২৭২ পৃ. ;
Size ২২ সেমি.
650 ## - SUBJECT ADDED ENTRY--TOPICAL TERM
Topical term or geographic name as entry element গণমাধ্যম
Form subdivision বিশ্বকোষ
9 (RLIN) 220593
Topical term or geographic name as entry element Mass media
Form subdivision Encyclopedias.
9 (RLIN) 220594
700 1# - ADDED ENTRY--PERSONAL NAME
Personal name ইসলাম, আমিনুল
942 ## - ADDED ENTRY ELEMENTS (KOHA)
Source of classification or shelving scheme Dewey Decimal Classification
Koha item type Books
Holdings
Lost status Source of classification or shelving scheme Damaged status Not for loan Collection code Permanent Location Current Location Shelving location Date acquired Source of acquisition Cost, normal purchase price Total Checkouts Full call number Date last seen Copy number Koha item type
  Dewey Decimal Classification   Not For Loan Reference Central Library, University of Rajshahi Central Library, University of Rajshahi   05/04/2017 Biddashagor, Rajshahi 600.00   BR 302.2303 AHE 2013 14/03/2018 C-1 Books
  Dewey Decimal Classification   Not For Loan Reference Central Library, University of Rajshahi Central Library, University of Rajshahi   05/04/2017 Biddashagor, Rajshahi 600.00   BR 302.2303 AHE 2013 14/03/2018 C-2 Books
  Dewey Decimal Classification   Not For Loan Reference Central Library, University of Rajshahi Central Library, University of Rajshahi   05/04/2017 Biddashagor, Rajshahi 600.00   BR 302.2303 AHE 2013 14/03/2018 C-3 Books